- Vital Díaz, Alberto
Entry Nombre Personal
001 - NUMERO DE CONTROL
- campo de control: 33601
003 - IDENTIFICADOR DE NUMERO DE CONTROL
- campo de control: DLC
005 - FECHA Y HORA DE LA ÜLTIMA TRANSACCIÓN
- campo de control: 20221205124619.0
008 - DATOS DE LONGITUD FIJA
- campo de control de longitud fija: 870609n| azannaabn |a aaa c
010 ## - NÚMERO DE CONTROL DE LA BIBLIOTECA DEL CONGRESO
- Número de control LC: n 86063993
035 ## - NUMERO DE CONTROL
- Número de control: (OCoLC)oca01872257
040 ## - FUENTE DE CATALOGACIÓN
- Agencia original de catalogación: TxU
- Lenguaje de catalogación: spa
- Description conventions: rda
- Agencia de transcripción: DLC
- Agencia que lo modifica: DLC
- Agencia que lo modifica: OCoLC
- Agencia que lo modifica: UPB
- Agencia que lo modifica: DLC
- Agencia que lo modifica: MX-MxUPN
046 ## - FECHAS CON CODIFICACIÓN ESPECIAL
- Fecha de nacimiento: 1958
053 #0 - NÚMERO DE CLASIFICACIÓN LC
- Número de clasificación elemento-número único o número inicial de tramo: PQ7298.32.I565
100 1# - ENCABEZAMIENTO - NOMBRE PERSONAL
- Nombre personal: Vital Díaz, Alberto
370 ## - LUGAR ASOCIADO
- Place of birth: Ciudad de México
377 ## - LENGUA ASOCIADA
- Language code: spa
400 1# - VEÁSE - NOMBRE DE PERSONA
- Personal name: Vital, Alberto
400 1# - VEÁSE - NOMBRE DE PERSONA
- Personal name: Vital Díaz, Alberto,
- Dates associated with a name: 1958-
670 ## - FUENTE EN LA QUE SE LOCALIZARON DATOS
- Cita de la fuente: Teatro de ángeles, 1984:
- Información localizada: portada (Alberto Vital Díaz)
670 ## - FUENTE EN LA QUE SE LOCALIZARON DATOS
- Cita de la fuente: Lejos de las fiestas, 1991:
- Información localizada: portada (Alberto Vital; b. Mexico City, 1958)
670 ## - FUENTE EN LA QUE SE LOCALIZARON DATOS
- Cita de la fuente: Conjeturas verosímiles, 1996:
- Información localizada: portada (Alberto Vital)
902 ## - CATALOGADOR
- Catalogador: Víctor Ruiz/051222
